JEE Advanced Chemistry: Physical Chemistry-I/ (Record no. 175369)

MARC details
000 -LEADER
fixed length control field 00864nam a22002417a 4500
005 - DATE AND TIME OF LATEST TRANSACTION
control field 20200914110156.0
010 ## - LCCN (DPL NO)
LC control number ENG-128382
020 ## - INTERNATIONAL STANDARD BOOK NUMBER
Terms of availability 825.00
International Standard Book Number 9789353948030
035 ## - SYSTEM CONTROL NUMBER
System control number EN-111914
037 ## - SOURCE OF ACQUISITION
Source of stock number/acquisition DBAD/PUB
082 ## - DEWEY DECIMAL CLASSIFICATION NUMBER
Classification number 540
100 ## - MAIN ENTRY--PERSONAL NAME
Personal name Ganguly,Ananya
245 ## - TITLE STATEMENT
Title JEE Advanced Chemistry: Physical Chemistry-I/
Statement of responsibility, etc by Ananya Ganguly; edited by Biswajit Das, Shalu Sharma and Ashi Jain
250 ## - EDITION STATEMENT
Edition statement 2nd edition
260 ## - PUBLICATION, DISTRIBUTION, ETC. (IMPRINT)
Place of publication, distribution, etc Noida
Name of publisher, distributor, etc Pearson
Date of publication, distribution, etc 2021
270 ## - ADDRESS
Address 15th floor,Tower-B,Word Trade Tower,Plot no.1,Block-C sec 16,
City Noida
Postal code 201301
Telephone number 04466540100
Electronic mail address companysecretary.india@pearson.com
300 ## - PHYSICAL DESCRIPTION
Extent xvii;Various pages.
Dimensions 25cm(pbk)
Other physical details Tables, Graphs and Illustrations
500 ## - GENERAL NOTE
General note Includes Hints and Explanations
700 ## - ADDED ENTRY--PERSONAL NAME
Personal name Das, Biswajit
700 ## - ADDED ENTRY--PERSONAL NAME
Personal name Jain, Ashi
700 ## - ADDED ENTRY--PERSONAL NAME
Personal name Sharma, Shalu
942 ## - ADDED ENTRY ELEMENTS (KOHA)
Source of classification or shelving scheme Dewey Decimal Classification
Item type English Books
Classification part 540
Call number suffix GAN
Holdings
Withdrawn status Lost status Not for loan Collection code Home library Current library Date acquired Source of acquisition Cost, normal purchase price Full call number Barcode Copy number Cost, replacement price Koha item type
      Non-fiction D.B.Act.Division D.B.Act.Division 26/08/2020 DBAD/PUB 825.00 540 GAN EN-111914 1 825.00 English Books

© Delhi Public Library
Hit Counter
free hit counter